<?xml version="1.0" encoding="UTF-8"?>
<record
    xmlns:xsi="http://www.w3.org/2001/XMLSchema-instance"
    xsi:schemaLocation="http://www.loc.gov/MARC21/slim http://www.loc.gov/standards/marcxml/schema/MARC21slim.xsd"
    xmlns="http://www.loc.gov/MARC21/slim">

  <leader>02302nam0a2200373   4500</leader>
  <controlfield tag="001">RU\NLR\BIBL_A\010542677</controlfield>
  <controlfield tag="005">20250614065607.0</controlfield>
  <datafield tag="035" ind1=" " ind2=" ">
    <subfield code="a">(NLR Aleph) 010542677</subfield>
  </datafield>
  <datafield tag="090" ind1=" " ind2=" ">
    <subfield code="a">10301726</subfield>
    <subfield code="c">10301726</subfield>
  </datafield>
  <datafield tag="100" ind1=" " ind2=" ">
    <subfield code="a">20141124f19101919|||y0rusy50      ca</subfield>
  </datafield>
  <datafield tag="101" ind1="0" ind2=" ">
    <subfield code="a">rus</subfield>
  </datafield>
  <datafield tag="102" ind1=" " ind2=" ">
    <subfield code="a">RU</subfield>
  </datafield>
  <datafield tag="105" ind1=" " ind2=" ">
    <subfield code="a">y   z   000yy</subfield>
  </datafield>
  <datafield tag="135" ind1=" " ind2=" ">
    <subfield code="a">crmn mmmanaba</subfield>
  </datafield>
  <datafield tag="200" ind1="1" ind2=" ">
    <subfield code="a">&#x418;&#x43C;&#x435;&#x43D;&#x43D;&#x43E;&#x439; &#x441;&#x43F;&#x438;&#x441;&#x43E;&#x43A; &#x443;&#x431;&#x438;&#x442;&#x44B;&#x43C;, &#x440;&#x430;&#x43D;&#x435;&#x43D;&#x44B;&#x43C; &#x438; &#x431;&#x435;&#x437; &#x432;&#x435;&#x441;&#x442;&#x438; &#x43F;&#x440;&#x43E;&#x43F;&#x430;&#x432;&#x448;&#x438;&#x43C; &#x43D;&#x438;&#x436;&#x43D;&#x438;&#x43C; &#x447;&#x438;&#x43D;&#x430;&#x43C;, [1914-1917]</subfield>
    <subfield code="h">&#x2116; 934</subfield>
    <subfield code="i">&#x41B;&#x44E;&#x431;&#x43B;&#x438;&#x43D;&#x441;&#x43A;&#x430;&#x44F;, &#x41C;&#x438;&#x43D;&#x441;&#x43A;&#x430;&#x44F;, &#x41C;&#x43E;&#x433;&#x438;&#x43B;&#x435;&#x432;&#x441;&#x43A;&#x430;&#x44F; &#x438; &#x41C;&#x43E;&#x441;&#x43A;&#x43E;&#x432;&#x441;&#x43A;&#x430;&#x44F; &#x433;&#x443;&#x431;&#x435;&#x440;&#x43D;&#x438;&#x438;</subfield>
  </datafield>
  <datafield tag="210" ind1=" " ind2=" ">
    <subfield code="a">[&#x41F;&#x435;&#x442;&#x440;&#x43E;&#x433;&#x440;&#x430;&#x434;]</subfield>
    <subfield code="c">&#x412;&#x43E;&#x435;&#x43D;&#x43D;&#x430;&#x44F; &#x442;&#x438;&#x43F;&#x43E;&#x433;&#x440;&#x430;&#x444;&#x438;&#x44F; &#x438;&#x43C;&#x43F;&#x435;&#x440;&#x430;&#x442;&#x440;&#x438;&#x446;&#x44B; &#x415;&#x43A;&#x430;&#x442;&#x435;&#x440;&#x438;&#x43D;&#x44B; &#x412;&#x435;&#x43B;&#x438;&#x43A;&#x43E;&#x439;</subfield>
    <subfield code="d">[191-?]</subfield>
  </datafield>
  <datafield tag="215" ind1=" " ind2=" ">
    <subfield code="a">&#x421;. 14929-14944</subfield>
    <subfield code="d">28</subfield>
  </datafield>
  <datafield tag="325" ind1="1" ind2=" ">
    <subfield code="a">&#x41A;&#x43E;&#x43F;&#x438;&#x44F; &#x434;&#x43E;&#x441;&#x442;&#x443;&#x43F;&#x43D;&#x430; &#x432; &#x44D;&#x43B;&#x435;&#x43A;&#x442;&#x440;&#x43E;&#x43D;&#x43D;&#x43E;&#x439; &#x431;&#x438;&#x431;&#x43B;&#x438;&#x43E;&#x442;&#x435;&#x43A;&#x435; &#x420;&#x41D;&#x411;</subfield>
  </datafield>
  <datafield tag="606" ind1="1" ind2=" ">
    <subfield code="a">&#x41F;&#x435;&#x440;&#x432;&#x430;&#x44F; &#x43C;&#x438;&#x440;&#x43E;&#x432;&#x430;&#x44F; &#x432;&#x43E;&#x439;&#x43D;&#x430;</subfield>
    <subfield code="j">&#x421;&#x43F;&#x438;&#x441;&#x43A;&#x438;</subfield>
    <subfield code="x">&#x41B;&#x44E;&#x434;&#x441;&#x43A;&#x438;&#x435; &#x43F;&#x43E;&#x442;&#x435;&#x440;&#x438;</subfield>
    <subfield code="y">&#x420;&#x43E;&#x441;&#x441;&#x438;&#x44F;</subfield>
    <subfield code="y">&#x41B;&#x44E;&#x431;&#x43B;&#x438;&#x43D;&#x441;&#x43A;&#x430;&#x44F; &#x433;&#x443;&#x431;&#x435;&#x440;&#x43D;&#x438;&#x44F; (&#x41F;&#x43E;&#x43B;&#x44C;&#x448;&#x430;)</subfield>
    <subfield code="z">1914 - 1918</subfield>
    <subfield code="9">2186923</subfield>
    <subfield code="3">RU\NLR\AUTH\6601550904</subfield>
  </datafield>
  <datafield tag="606" ind1="1" ind2=" ">
    <subfield code="a">&#x41F;&#x435;&#x440;&#x432;&#x430;&#x44F; &#x43C;&#x438;&#x440;&#x43E;&#x432;&#x430;&#x44F; &#x432;&#x43E;&#x439;&#x43D;&#x430;</subfield>
    <subfield code="j">&#x421;&#x43F;&#x438;&#x441;&#x43A;&#x438;</subfield>
    <subfield code="x">&#x41B;&#x44E;&#x434;&#x441;&#x43A;&#x438;&#x435; &#x43F;&#x43E;&#x442;&#x435;&#x440;&#x438;</subfield>
    <subfield code="y">&#x420;&#x43E;&#x441;&#x441;&#x438;&#x44F;</subfield>
    <subfield code="y">&#x41C;&#x438;&#x43D;&#x441;&#x43A;&#x430;&#x44F; &#x433;&#x443;&#x431;&#x435;&#x440;&#x43D;&#x438;&#x44F;</subfield>
    <subfield code="z">1914 - 1918</subfield>
    <subfield code="9">2186928</subfield>
    <subfield code="3">RU\NLR\AUTH\6601550907</subfield>
  </datafield>
  <datafield tag="606" ind1="1" ind2=" ">
    <subfield code="a">&#x41F;&#x435;&#x440;&#x432;&#x430;&#x44F; &#x43C;&#x438;&#x440;&#x43E;&#x432;&#x430;&#x44F; &#x432;&#x43E;&#x439;&#x43D;&#x430;</subfield>
    <subfield code="j">&#x421;&#x43F;&#x438;&#x441;&#x43A;&#x438;</subfield>
    <subfield code="x">&#x41B;&#x44E;&#x434;&#x441;&#x43A;&#x438;&#x435; &#x43F;&#x43E;&#x442;&#x435;&#x440;&#x438;</subfield>
    <subfield code="y">&#x420;&#x43E;&#x441;&#x441;&#x438;&#x44F;</subfield>
    <subfield code="y">&#x41C;&#x43E;&#x433;&#x438;&#x43B;&#x435;&#x432;&#x441;&#x43A;&#x430;&#x44F; &#x433;&#x443;&#x431;&#x435;&#x440;&#x43D;&#x438;&#x44F;</subfield>
    <subfield code="z">1914 - 1918</subfield>
    <subfield code="9">2186930</subfield>
    <subfield code="3">RU\NLR\AUTH\6601550908</subfield>
  </datafield>
  <datafield tag="606" ind1="1" ind2=" ">
    <subfield code="a">&#x41F;&#x435;&#x440;&#x432;&#x430;&#x44F; &#x43C;&#x438;&#x440;&#x43E;&#x432;&#x430;&#x44F; &#x432;&#x43E;&#x439;&#x43D;&#x430;</subfield>
    <subfield code="j">&#x421;&#x43F;&#x438;&#x441;&#x43A;&#x438;</subfield>
    <subfield code="x">&#x41B;&#x44E;&#x434;&#x441;&#x43A;&#x438;&#x435; &#x43F;&#x43E;&#x442;&#x435;&#x440;&#x438;</subfield>
    <subfield code="y">&#x420;&#x43E;&#x441;&#x441;&#x438;&#x44F;</subfield>
    <subfield code="y">&#x41C;&#x43E;&#x441;&#x43A;&#x43E;&#x432;&#x441;&#x43A;&#x430;&#x44F; &#x433;&#x443;&#x431;&#x435;&#x440;&#x43D;&#x438;&#x44F;</subfield>
    <subfield code="z">1914 - 1918</subfield>
    <subfield code="9">2181559</subfield>
    <subfield code="3">RU\NLR\AUTH\6601548378</subfield>
  </datafield>
  <datafield tag="686" ind1="0" ind2=" ">
    <subfield code="a">&#x426;35(2)523-81(4&#x41F;-8&#x41B;&#x44E;&#x431;&#x43B;&#x438;&#x43D;&#x441;&#x43A;&#x430;&#x44F;)</subfield>
  </datafield>
  <datafield tag="686" ind1="0" ind2=" ">
    <subfield code="a">&#x426;35(2)523-81(2&#x411;-8&#x41C;)</subfield>
  </datafield>
  <datafield tag="686" ind1="0" ind2=" ">
    <subfield code="a">&#x426;35(2)523-81(2&#x411;-8&#x41C;&#x43E;)</subfield>
  </datafield>
  <datafield tag="686" ind1="0" ind2=" ">
    <subfield code="a">&#x426;35(2)523-81(2&#x420;-8&#x41C;&#x43E;)</subfield>
  </datafield>
  <datafield tag="686" ind1="0" ind2=" ">
    <subfield code="a">&#x422;3(2)524.1</subfield>
  </datafield>
  <datafield tag="852" ind1=" " ind2=" ">
    <subfield code="a">NLR</subfield>
    <subfield code="j">37.77.1.10 (934)</subfield>
  </datafield>
  <datafield tag="901" ind1=" " ind2=" ">
    <subfield code="e">&#x41A;&#x43D;&#x438;&#x436;&#x43D;&#x44B;&#x435; &#x438;&#x437;&#x434;&#x430;&#x43D;&#x438;&#x44F;</subfield>
  </datafield>
  <datafield tag="942" ind1=" " ind2=" ">
    <subfield code="c">BOOK</subfield>
  </datafield>
  <datafield tag="980" ind1=" " ind2=" ">
    <subfield code="a">NB</subfield>
  </datafield>
  <datafield tag="981" ind1="2" ind2="2">
    <subfield code="a">(22) &#x41C;&#x430;&#x442;&#x435;&#x440;&#x438;&#x430;&#x43B;&#x44B; &#x43F;&#x43E; &#x438;&#x441;&#x442;&#x43E;&#x440;&#x438;&#x438; &#x420;&#x43E;&#x441;&#x441;&#x438;&#x438;</subfield>
    <subfield code="b">(22) &#x418;&#x43C;&#x435;&#x43D;&#x43D;&#x44B;&#x435; &#x441;&#x43F;&#x438;&#x441;&#x43A;&#x438; &#x443;&#x431;&#x438;&#x442;&#x44B;&#x43C;, &#x440;&#x430;&#x43D;&#x435;&#x43D;&#x44B;&#x43C; &#x438; &#x431;&#x435;&#x437; &#x432;&#x435;&#x441;&#x442;&#x438; &#x43F;&#x440;&#x43E;&#x43F;&#x430;&#x432;&#x448;&#x438;&#x43C;</subfield>
  </datafield>
</record>
